[Event "Skakligaen 2024-25"]
[Site "Denmark"]
[Date "2025.03.29"]
[Round "8.8"]
[White "Skytte, Robert"]
[Black "Borge, Nikolaj"]
[Result "0-1"]
[WhiteElo "1971"]
[BlackElo "2362"]
[EventDate "2024.11.02"]
[EventType "team-tourn"]
[EventRounds "9"]
[EventCountry "DEN"]
[SourceTitle "Live v. Kasper Jerwiarz"]
[WhiteTeam "AarhusSkolerne"]
[BlackTeam "Hillerod"]
[WhiteTeamCountry "DEN"]
[BlackTeamCountry "DEN"]

1. e4 c5 2. Nf3 e6 3. c3 d5 4. exd5 Qxd5 5. d4 Nc6 6. Be3 cxd4 7. cxd4 Nf6 8. Nc3 Bb4 9. Bd3 e5 10. dxe5 Ng4 11. Bf4 Ngxe5 12. Nxe5 Nxe5 13. Qe2 Qxd3 14. Qxe5+ Be6 15. Qxg7 O-O-O 16. Qg3 Qe4+ 17. Be3 Bc4 18. Rc1 Rhe8 19. Qg5 Qd3 20. Qh5 Qd2# 0-1

[Event "Skakligaen 2024-25"]
[Site "Denmark"]
[Date "2025.03.29"]
[Round "8.1"]
[White "Hector, Jonny"]
[Black "Bjerre, Jonas Buhl"]
[Result "0-1"]
[WhiteElo "2418"]
[BlackElo "2637"]
[EventDate "2024.11.02"]
[EventType "team-tourn"]
[EventRounds "9"]
[EventCountry "DEN"]
[SourceTitle "Live v. Kasper Jerwiarz"]
[WhiteTeam "Nordkalotten"]
[BlackTeam "Skanderborg"]
[WhiteTeamCountry "DEN"]
[BlackTeamCountry "DEN"]

1. e4 c5 2. Nf3 d6 3. d4 cxd4 4. Nxd4 Nf6 5. Nc3 a6 6. Bg5 Nbd7 7. Qe2 g6 8. f4 Bg7 9. O-O-O O-O 10. g3 h6 11. Bh4 Qc7 12. Qc4 Qxc4 13. Bxc4 e6 14. a4 Nc5 15. Rhe1 Nfxe4 16. Nxe4 Nxe4 17. Bxe6 Nf2 18. Bxc8 Nxd1 19. Bxb7 Ra7 20. Rxd1 Rxb7 21. Nb3 Rc8 22. Kb1 Rbc7 23. Rd2 Rc4 24. Be7 d5 25. c3 Rb8 26. Kc2 Rxa4 27. Bb4 d4 28. Nxd4 Ra1 29. Nc6 Rb6 30. Ne7+ Kh7 31. Rd7 Rh1 32. Nd5 Rxh2+ 33. Kd3 Rb8 34. f5 gxf5 35. Rxf7 Rg2 36. Rxf5 Rxg3+ 37. Ke4 Re8+ 38. Kf4 Rg1 39. Ne3 h5 40. Rxh5+ Kg6 41. Rh3 Bh6+ 42. Rxh6+ Kxh6 43. Kf3 Kg5 44. Bc5 Rh1 45. b4 Rh3+ 46. Kf2 Kf4 47. Nd5+ Ke5 48. Nc7 Rg8 49. Bd4+ Ke4 50. Nxa6 Rh2+ 51. Kf1 Kf3 52. Ke1 Rgg2 0-1

[Event "Skakligaen 2024-25"]
[Site "Denmark"]
[Date "2025.03.29"]
[Round "8.2"]
[White "Svane, Frederik"]
[Black "Jepson, Christian"]
[Result "1-0"]
[WhiteElo "2654"]
[BlackElo "2401"]
[EventDate "2024.11.02"]
[EventType "team-tourn"]
[EventRounds "9"]
[EventCountry "DEN"]
[SourceTitle "Live v. Kasper Jerwiarz"]
[WhiteTeam "Skanderborg"]
[BlackTeam "Nordkalotten"]
[WhiteTeamCountry "DEN"]
[BlackTeamCountry "DEN"]

1. e4 d6 2. d4 Nf6 3. Nc3 e5 4. Nf3 Nbd7 5. Rg1 c6 6. g4 h6 7. Be3 Be7 8. Qd2 exd4 9. Nxd4 Ne5 10. Be2 Nfxg4 11. Bf4 g5 12. Bg3 h5 13. h3 h4 14. Bxh4 c5 15. Nf5 Bxf5 16. hxg4 Bxg4 17. Bxg4 Rxh4 18. Be2 d5 19. exd5 Qb6 20. Qe3 f6 21. O-O-O O-O-O 22. d6 Bxd6 23. Nd5 Qc6 24. Nxf6 Nd3+ 25. Kb1 Nxb2 26. Kxb2 1-0

[Event "Skakligaen 2024-25"]
[Site "Denmark"]
[Date "2025.03.29"]
[Round "8.3"]
[White "Brynell, Stellan"]
[Black "Andersen, Mads"]
[Result "0-1"]
[WhiteElo "2388"]
[BlackElo "2585"]
[EventDate "2024.11.02"]
[EventType "team-tourn"]
[EventRounds "9"]
[EventCountry "DEN"]
[SourceTitle "Live v. Kasper Jerwiarz"]
[WhiteTeam "Nordkalotten"]
[BlackTeam "Skanderborg"]
[WhiteTeamCountry "DEN"]
[BlackTeamCountry "DEN"]

1. d4 d5 2. c4 e6 3. Nf3 c5 4. cxd5 exd5 5. g3 Nf6 6. Bg2 Nc6 7. O-O Be7 8. Nc3 O-O 9. dxc5 Bxc5 10. Bg5 d4 11. Ne4 Be7 12. Nxf6+ Bxf6 13. Bxf6 Qxf6 14. b4 Rd8 15. b5 Ne5 16. Re1 h5 17. a4 d3 18. Nxe5 d2 19. Nd3 dxe1=Q+ 20. Qxe1 a6 21. bxa6 Rxa6 22. h4 Qd4 23. a5 b6 24. Nb4 Rxa5 25. Rxa5 bxa5 26. Nc6 Qd1 27. Qxd1 Rxd1+ 28. Kh2 a4 0-1

[Event "Skakligaen 2024-25"]
[Site "Denmark"]
[Date "2025.03.29"]
[Round "8.4"]
[White "Olsen, Filip Boe"]
[Black "Sylvan, Jacob"]
[Result "1-0"]
[WhiteElo "2468"]
[BlackElo "2322"]
[EventDate "2024.11.02"]
[EventType "team-tourn"]
[EventRounds "9"]
[EventCountry "DEN"]
[SourceTitle "Live v. Kasper Jerwiarz"]
[WhiteTeam "Skanderborg"]
[BlackTeam "Nordkalotten"]
[WhiteTeamCountry "DEN"]
[BlackTeamCountry "DEN"]

1. Nf3 Nf6 2. c4 e6 3. g3 d5 4. Bg2 dxc4 5. Qa4+ Nbd7 6. Qxc4 c5 7. d3 a6 8. Qb3 Bd6 9. a4 O-O 10. O-O Rb8 11. a5 b5 12. axb6 Nxb6 13. Nbd2 h6 14. Qc2 Bb7 15. b3 Re8 16. Bb2 e5 17. Nh4 Bxg2 18. Kxg2 Qc8 19. e4 Bf8 20. Ra5 Na8 21. Nc4 Nd7 22. Nf5 Qc6 23. f4 exf4 24. Rxf4 f6 25. Qd1 Ne5 26. Bxe5 fxe5 27. Rf3 Nc7 28. Nfe3 Qb7 29. Ng4 Qxb3 30. Qxb3 Rxb3 31. Ngxe5 Rc3 32. Ng6 Ne6 33. h4 Be7 34. Rxa6 Nd4 35. Nxe7+ Rxe7 36. Ra8+ Kh7 37. Rff8 h5 38. Rh8+ Kg6 39. Ra6+ Kf7 40. Rxh5 Rc2+ 41. Kh3 Rc7 42. Rg5 Kg8 43. Ra8+ Kh7 44. Ne5 g6 45. Nxg6 1-0

[Event "Skakligaen 2024-25"]
[Site "Denmark"]
[Date "2025.03.29"]
[Round "8.5"]
[White "Kristensen, Kaare Hove"]
[Black "Pajeken, Jakob Leon"]
[Result "0-1"]
[WhiteElo "2275"]
[BlackElo "2427"]
[EventDate "2024.11.02"]
[EventType "team-tourn"]
[EventRounds "9"]
[EventCountry "DEN"]
[SourceTitle "Live v. Kasper Jerwiarz"]
[WhiteTeam "Nordkalotten"]
[BlackTeam "Skanderborg"]
[WhiteTeamCountry "DEN"]
[BlackTeamCountry "DEN"]

1. c4 Nf6 2. Nc3 e5 3. g3 Bb4 4. Bg2 O-O 5. Qb3 Bxc3 6. Qxc3 Re8 7. Nf3 Nc6 8. O-O d5 9. d3 d4 10. Qc2 e4 11. dxe4 Nxe4 12. a3 Bf5 13. Qd1 Be6 14. Qc2 Bf5 15. Qd1 Qf6 16. Bd2 Rad8 17. Re1 g5 18. h3 h6 19. Qb3 b6 20. Qd1 Bg6 21. Qc1 Ne5 22. Rf1 d3 23. Nxe5 dxe2 24. Ng4 exf1=Q+ 25. Qxf1 Qg7 26. Bb4 Nd2 27. Qd1 Qxb2 28. Ra2 Qxa2 29. Nf6+ Kh8 30. Nxe8 Rxe8 31. Bxd2 Qb1 32. Bc1 Qc2 33. Qd4+ Kh7 34. Bb2 Rg8 35. Bd5 c5 36. Kg2 0-1

[Event "Skakligaen 2024-25"]
[Site "Denmark"]
[Date "2025.03.29"]
[Round "8.6"]
[White "Licznerski, Lukasz"]
[Black "Hove, Esben Kjems"]
[Result "1-0"]
[WhiteElo "2436"]
[BlackElo "2291"]
[EventDate "2024.11.02"]
[EventType "team-tourn"]
[EventRounds "9"]
[EventCountry "DEN"]
[SourceTitle "Live v. Kasper Jerwiarz"]
[WhiteTeam "Skanderborg"]
[BlackTeam "Nordkalotten"]
[WhiteTeamCountry "DEN"]
[BlackTeamCountry "DEN"]

1. e4 c6 2. d4 d5 3. exd5 cxd5 4. Bd3 Nc6 5. c3 Nf6 6. Bf4 Bg4 7. Qb3 Na5 8. Qa4+ Bd7 9. Qc2 Rc8 10. h3 g6 11. Nf3 Bg7 12. O-O O-O 13. Re1 Nc6 14. Qb3 Qb6 15. Nbd2 Bf5 16. Bf1 h6 17. Ne5 g5 18. Bh2 e6 19. Qxb6 axb6 20. f3 Rfd8 21. Nxc6 Rxc6 22. Be5 Ne8 23. Bxg7 Kxg7 24. Re2 Nd6 25. Rae1 b5 26. a3 Nc4 27. Nb3 Re8 28. Rf2 Bg6 29. Nc1 f6 30. Bd3 Bxd3 31. Nxd3 e5 32. Rfe2 Rce6 33. Kf1 e4 34. Nb4 Nb6 35. g4 Kg6 36. Nd3 Na4 37. Nb4 Nb6 38. Nd3 Na4 39. Nf2 f5 40. gxf5+ Kxf5 41. fxe4+ dxe4 42. Ng4 Kg6 43. Ne5+ Kg7 44. Rf2 Rf8 45. Rxf8 Kxf8 46. Re2 Kg7 47. Kf2 Rf6+ 48. Ke3 Rf4 49. d5 Kf6 50. Ng4+ Ke7 51. Kd4 h5 52. Ne3 Rf3 53. Rg2 Kf6 54. Kxe4 Rxh3 55. Rf2+ Ke7 56. Kd4 g4 57. Nf5+ Kd7 58. Re2 Rf3 59. Re7+ Kd8 60. Rf7 g3 61. Ke5 Nb6 62. Ke6 Nxd5 63. Rd7+ Kc8 64. Nd6+ Kb8 65. Kxd5 h4 66. Rxb7+ Ka8 67. Rg7 h3 68. Kc6 h2 69. Rg8+ Ka7 70. Nxb5+ Ka6 71. Ra8# 1-0

[Event "Skakligaen 2024-25"]
[Site "Denmark"]
[Date "2025.03.29"]
[Round "8.7"]
[White "Jakobsen, Peter"]
[Black "Pedersen, Nicolai Vesterbaek"]
[Result "1/2-1/2"]
[WhiteElo "2188"]
[BlackElo "2349"]
[EventDate "2024.11.02"]
[EventType "team-tourn"]
[EventRounds "9"]
[EventCountry "DEN"]
[SourceTitle "Live v. Kasper Jerwiarz"]
[WhiteTeam "Nordkalotten"]
[BlackTeam "Skanderborg"]
[WhiteTeamCountry "DEN"]
[BlackTeamCountry "DEN"]

1. d4 Nf6 2. c4 e6 3. Nf3 d5 4. Nc3 h6 5. e3 a6 6. a3 c5 7. cxd5 exd5 8. dxc5 Bxc5 9. Be2 O-O 10. O-O Nc6 11. b4 Ba7 12. Bb2 Be6 13. Rc1 d4 14. exd4 Bxd4 15. Na4 Bxb2 16. Nxb2 Qe7 17. Nc4 Rad8 18. Qc2 Nd5 19. Rfe1 Nf4 20. Ne3 Qf6 21. Qc3 Qg6 22. Ne5 Nxe5 23. Qxe5 Qg5 24. Qxg5 hxg5 25. Rc5 Nxe2+ 26. Rxe2 Rd3 27. Ra5 g4 28. g3 Rc8 29. Re1 g6 30. Ra1 Rcc3 31. Kf1 Rd8 32. Rg5 Kg7 33. Ke2 Kf6 34. Rc5 Rb3 35. Rc7 Rdd3 36. Rxb7 Rxa3 37. Rxa3 Rxa3 38. b5 a5 39. Ra7 a4 40. b6 Ra2+ 41. Kf1 a3 42. b7 Rb2 1/2-1/2

[Event "Skakligaen 2024-25"]
[Site "Denmark"]
[Date "2025.03.29"]
[Round "8.8"]
[White "Brondt, Nicolai Kvist"]
[Black "Ejsing, Esben"]
[Result "0-1"]
[WhiteElo "2238"]
[BlackElo "2125"]
[EventDate "2024.11.02"]
[EventType "team-tourn"]
[EventRounds "9"]
[EventCountry "DEN"]
[SourceTitle "Live v. Kasper Jerwiarz"]
[WhiteTeam "Skanderborg"]
[BlackTeam "Nordkalotten"]
[WhiteTeamCountry "DEN"]
[BlackTeamCountry "DEN"]

1. d4 Nf6 2. c4 c5 3. d5 e6 4. Nc3 exd5 5. cxd5 d6 6. Nf3 g6 7. Bf4 Bg7 8. Qa4+ Bd7 9. Qb3 Qc7 10. e3 O-O 11. Be2 a6 12. a4 Bg4 13. h3 Bxf3 14. Bxf3 Nbd7 15. O-O Rfe8 16. Rfd1 Ne5 17. Be2 Nh5 18. Bxh5 gxh5 19. Qc2 c4 20. Ne2 Rac8 21. Bxe5 Rxe5 22. a5 Qc5 23. Nc3 f5 24. Qe2 f4 25. e4 Rf8 26. Qf3 Rg5 27. Re1 Rg3 28. Na4 Qa7 29. Qxh5 f3 30. Nb6 Rxg2+ 31. Kh1 Bd4 32. Nd7 Bxf2 33. Nxf8 Bxe1 34. Qxh7+ Kxf8 35. Qh8+ Kf7 36. Qh7+ Kf6 37. Qh8+ Kg5 38. Qg7+ Kf4 39. Qf6+ Kg3 40. Qg5+ Kf2 41. Qh4+ Rg3 42. Kh2 Ke2 43. Rxe1+ Kxe1 44. Qxg3+ Ke2 45. e5 Qe3 46. exd6 Kf1 47. h4 Qd2+ 48. Kh3 Qxd5 49. Qf4 Ke2 50. Kg3 Qd3 51. Qe5+ Kf1 52. Qc3 f2+ 53. Qxd3+ cxd3 54. d7 Ke2 55. d8=Q f1=Q 56. Qe8+ Kd1 57. Qa4+ Ke1 58. Qe4+ Qe2 59. Qh1+ Kd2 60. h5 Qe5+ 61. Kg4 Kc2 62. Qf1 Qe2+ 63. Qxe2+ dxe2 64. h6 e1=Q 65. h7 Qe5 66. h8=Q Qxh8 0-1

[Event "Skakligaen 2024-25"]
[Site "Denmark"]
[Date "2025.03.29"]
[Round "8.1"]
[White "Mikkelsen, Nikolaj"]
[Black "Nielsen, Viktor Haarmark"]
[Result "1-0"]
[WhiteElo "2471"]
[BlackElo "2350"]
[EventDate "2024.11.02"]
[EventType "team-tourn"]
[EventRounds "9"]
[EventCountry "DEN"]
[SourceTitle "Live v. Kasper Jerwiarz"]
[WhiteTeam "BMS"]
[BlackTeam "Obro"]
[WhiteTeamCountry "DEN"]
[BlackTeamCountry "DEN"]

1. e4 c5 2. Nf3 g6 3. c3 d5 4. exd5 Qxd5 5. d4 Nf6 6. Na3 cxd4 7. Nb5 Na6 8. Nbxd4 Bg7 9. Bb5+ Bd7 10. Bxa6 bxa6 11. Qe2 O-O 12. O-O Rfe8 13. Ne5 Bb5 14. Nxb5 axb5 15. Rd1 Qb7 16. a4 a6 17. axb5 axb5 18. Rxa8 Rxa8 19. h4 h5 20. Bf4 Qe4 21. Qxe4 Nxe4 22. f3 Nc5 23. Rd5 Ne6 24. Bg3 b4 25. cxb4 Ra2 26. Rd2 Bh6 27. Rc2 Nd4 28. Rc8+ Kg7 29. Nc4 Ne2+ 30. Kf2 Nxg3 31. Kxg3 Ra4 32. Rb8 Bc1 33. b3 Ra1 34. Rd8 g5 35. hxg5 Bxg5 36. f4 h4+ 37. Kg4 Bf6 38. Rd3 Ra8 39. b5 Rb8 40. b6 Rb7 41. Rd5 e6 42. Rc5 Bd8 43. Rc6 Rb8 44. f5 Kf6 45. Kf4 Rb7 46. Ke4 Rb8 47. fxe6 fxe6 48. Rd6 1-0

[Event "Skakligaen 2024-25"]
[Site "Denmark"]
[Date "2025.03.29"]
[Round "8.2"]
[White "Hansen, Soren Bech"]
[Black "Kistrup, Nicolai"]
[Result "1/2-1/2"]
[WhiteElo "2263"]
[BlackElo "2356"]
[EventDate "2024.11.02"]
[EventType "team-tourn"]
[EventRounds "9"]
[EventCountry "DEN"]
[SourceTitle "Live v. Kasper Jerwiarz"]
[WhiteTeam "Obro"]
[BlackTeam "BMS"]
[WhiteTeamCountry "DEN"]
[BlackTeamCountry "DEN"]

1. e4 e5 2. Nf3 Nc6 3. Bc4 Bc5 4. O-O Nf6 5. d3 O-O 6. a4 a5 7. Bg5 h6 8. Bh4 g5 9. Bg3 d6 10. c3 Kh8 11. Na3 Ba7 12. Nc2 Ne7 13. Ne3 Ng6 14. Bb3 Nh7 15. h3 Nf4 16. d4 Nf6 17. Bc2 Qe7 18. Re1 N6h5 19. Bh2 f6 20. Kh1 Qh7 21. Ng1 Ng7 22. Qf3 exd4 23. Bxf4 gxf4 24. Nd5 Ne6 25. Nxf4 Nxf4 26. Qxf4 dxc3 27. bxc3 Bd7 28. Ne2 Rae8 29. Nd4 Re5 30. Rab1 Bb6 31. Nf3 Ree8 32. Nd2 Be6 33. Bd3 Qg6 34. Nc4 Bxc4 35. Bxc4 Qg5 36. Qxg5 hxg5 37. f3 Re5 38. Bd5 Rb8 39. Rxb6 cxb6 40. Rb1 b5 41. Rxb5 b6 42. g4 Kg7 43. Kg2 Kf8 44. Kg3 Re7 45. c4 Rh7 46. Rb1 Ke7 47. Rh1 Rbh8 48. Rh2 Kd7 49. Rh1 Kc7 50. Kg2 Kb8 51. Kg3 Kc8 52. Kg2 Kc7 53. Kg3 Kb8 54. Kg2 Ka7 55. Kg3 Rh4 56. Kg2 R4h6 57. Kg3 R6h7 58. Kg2 Rc7 59. Rb1 Rc5 60. Kg3 Rc7 61. Kg2 Rc5 62. Kg3 Rc7 63. Kg2 Rc5 1/2-1/2

[Event "Skakligaen 2024-25"]
[Site "Denmark"]
[Date "2025.03.29"]
[Round "8.3"]
[White "Haubro, Martin"]
[Black "Skonnord, Uno"]
[Result "1-0"]
[WhiteElo "2376"]
[BlackElo "2151"]
[EventDate "2024.11.02"]
[EventType "team-tourn"]
[EventRounds "9"]
[EventCountry "DEN"]
[SourceTitle "Live v. Kasper Jerwiarz"]
[WhiteTeam "BMS"]
[BlackTeam "Obro"]
[WhiteTeamCountry "DEN"]
[BlackTeamCountry "DEN"]

1. e4 c5 2. Nf3 d6 3. d4 cxd4 4. Nxd4 Nf6 5. Nc3 g6 6. Be3 Bg7 7. f3 Nc6 8. Qd2 O-O 9. O-O-O d5 10. exd5 Nxd5 11. Nxc6 bxc6 12. Bd4 Bxd4 13. Qxd4 Qb6 14. Na4 Qa5 15. b3 Ba6 16. Bxa6 Qxa6 17. h4 Qe2 18. Rd2 Qe3 19. h5 Qxd4 20. Rxd4 g5 21. Nc5 e5 22. Rd2 f6 23. c4 Ne3 24. g4 f5 25. Nd7 Rfc8 26. gxf5 Nxf5 27. h6 Rd8 28. Rg1 Kf7 29. Nxe5+ Ke6 30. Nxc6 Rxd2 31. Kxd2 Kf6 32. Nb4 Nxh6 33. Nd5+ Kg6 34. Kd3 Rf8 35. f4 g4 36. c5 Kf7 37. Rh1 g3 38. Ne3 Kg6 39. Ke4 Ng8 40. Kf3 Nf6 41. b4 Re8 42. Nc4 Re4 43. Rc1 Rd4 44. c6 Nd5 45. Kxg3 Kf6 46. b5 Rd3+ 47. Kf2 Rd4 48. a4 Rxf4+ 49. Ke2 Ke6 50. a5 Ne7 51. c7 Kd7 52. b6 axb6 53. axb6 Kc6 54. Rb1 Rxc4 55. b7 1-0

[Event "Skakligaen 2024-25"]
[Site "Denmark"]
[Date "2025.03.29"]
[Round "8.4"]
[White "Christensen, Stefan"]
[Black "Jacobsen, Mikkel Manosri"]
[Result "0-1"]
[WhiteElo "2181"]
[BlackElo "2249"]
[EventDate "2024.11.02"]
[EventType "team-tourn"]
[EventRounds "9"]
[EventCountry "DEN"]
[SourceTitle "Live v. Kasper Jerwiarz"]
[WhiteTeam "Obro"]
[BlackTeam "BMS"]
[WhiteTeamCountry "DEN"]
[BlackTeamCountry "DEN"]

1. d4 d5 2. Bf4 c5 3. e3 cxd4 4. exd4 Nc6 5. c3 f6 6. Nf3 g5 7. Bg3 Bf5 8. Bd3 Nh6 9. Na3 Qd7 10. Nc2 e6 11. Ne3 O-O-O 12. Bb5 Nf7 13. Qa4 h5 14. h4 g4 15. Nd2 Nd6 16. Bxc6 Qxc6 17. Qxa7 Bd3 18. Nb3 b6 19. Nc1 Rh7 20. Qa3 Ne4 21. Qb3 Ba6 22. Bf4 e5 23. dxe5 d4 24. Nf5 Nc5 25. Qc2 Qxg2 26. Ng3 d3 27. Qd2 Ne4 0-1

[Event "Skakligaen 2024-25"]
[Site "Denmark"]
[Date "2025.03.29"]
[Round "8.5"]
[White "Ost Hansen, Jacob"]
[Black "Larsen, Karsten"]
[Result "0-1"]
[WhiteElo "2342"]
[BlackElo "2188"]
[EventDate "2024.11.02"]
[EventType "team-tourn"]
[EventRounds "9"]
[EventCountry "DEN"]
[SourceTitle "Live v. Kasper Jerwiarz"]
[WhiteTeam "BMS"]
[BlackTeam "Obro"]
[WhiteTeamCountry "DEN"]
[BlackTeamCountry "DEN"]

1. g3 d5 2. Nf3 Nf6 3. Bg2 Bf5 4. O-O e6 5. c4 c6 6. b3 h6 7. d3 Nbd7 8. Bb2 Bc5 9. Nbd2 O-O 10. a3 a5 11. Ra2 Qe7 12. Qa1 Rfd8 13. Re1 Bh7 14. h3 Qf8 15. Bd4 Re8 16. Bxc5 Qxc5 17. b4 Qd6 18. c5 Qc7 19. d4 e5 20. dxe5 Nxe5 21. Nxe5 Rxe5 22. Nb3 a4 23. Nd4 h5 24. h4 Be4 25. Nf3 Re7 26. Qd4 Rae8 27. Rb2 Bxf3 28. Bxf3 Ne4 29. Kg2 g6 30. Rc1 Re5 31. b5 g5 32. hxg5 Rxg5 33. Rh1 Re6 34. Rxh5 Rxh5 35. Bxh5 Rh6 36. Bg4 Rg6 37. Bf5 Rxg3+ 38. Kf1 Qf4 39. Bxe4 Qc1+ 0-1

[Event "Skakligaen 2024-25"]
[Site "Denmark"]
[Date "2025.03.29"]
[Round "8.6"]
[White "Laursen, Niels Norskov"]
[Black "Liu, Casper Yukun"]
[Result "1-0"]
[WhiteElo "2179"]
[BlackElo "2317"]
[EventDate "2024.11.02"]
[EventType "team-tourn"]
[EventRounds "9"]
[EventCountry "DEN"]
[SourceTitle "Live v. Kasper Jerwiarz"]
[WhiteTeam "Obro"]
[BlackTeam "BMS"]
[WhiteTeamCountry "DEN"]
[BlackTeamCountry "DEN"]

1. e4 Nc6 2. Nf3 d6 3. Bb5 Nf6 4. d4 Bd7 5. Nc3 g6 6. e5 dxe5 7. dxe5 Ng4 8. Qe2 Bg7 9. Bf4 g5 10. Bg3 h5 11. h4 gxh4 12. Rxh4 e6 13. O-O-O Qe7 14. Rdh1 O-O-O 15. Rxh5 Qc5 16. Ne4 Qd5 17. c4 Rxh5 18. Rxh5 Nd4 19. cxd5 Bxb5 20. Nxd4 Bxe2 21. Nxe2 Rxd5 22. N2c3 Rd8 23. Kc2 Nh6 24. f4 b6 25. Bh4 Rd7 26. Bf6 Bf8 27. Bg5 1-0

[Event "Skakligaen 2024-25"]
[Site "Denmark"]
[Date "2025.03.29"]
[Round "8.7"]
[White "Akdag, Dara Sevkan"]
[Black "Simonsen, Carsten"]
[Result "0-1"]
[WhiteElo "2154"]
[BlackElo "2202"]
[EventDate "2024.11.02"]
[EventType "team-tourn"]
[EventRounds "9"]
[EventCountry "DEN"]
[SourceTitle "Live v. Kasper Jerwiarz"]
[WhiteTeam "BMS"]
[BlackTeam "Obro"]
[WhiteTeamCountry "DEN"]
[BlackTeamCountry "DEN"]

1. Nf3 c5 2. g3 Nc6 3. Bg2 g6 4. d4 cxd4 5. Nxd4 Bg7 6. Nxc6 bxc6 7. O-O Rb8 8. Qd3 Nf6 9. e4 O-O 10. Qa3 Qb6 11. Nc3 d6 12. Rb1 a5 13. Na4 Qb4 14. Qxb4 axb4 15. c4 Ba6 16. b3 Nd7 17. Bg5 Rfe8 18. Rfe1 c5 19. Rbd1 Bb7 20. f4 Bd4+ 21. Kh1 f6 22. Bh3 Bc6 23. Bh6 Kf7 24. Bg2 e5 25. h4 Ra8 26. f5 Bxa4 27. bxa4 Rxa4 28. Re2 Rea8 29. Rdd2 Nb6 30. Rc2 Ra3 31. g4 Rc3 32. Rxc3 bxc3 33. g5 Nxc4 34. Bh3 Rb8 35. gxf6 Rb2 36. Re1 c2 37. fxg6+ hxg6 38. Rf1 Rb1 39. Bc1 Ne3 40. Be6+ Kf8 41. h5 gxh5 42. a4 Bb2 43. a5 Rxc1 0-1

[Event "Skakligaen 2024-25"]
[Site "Denmark"]
[Date "2025.03.29"]
[Round "8.8"]
[White "Kakulidis, Ellen"]
[Black "Jalving, August"]
[Result "0-1"]
[WhiteElo "2059"]
[BlackElo "2174"]
[EventDate "2024.11.02"]
[EventType "team-tourn"]
[EventRounds "9"]
[EventCountry "DEN"]
[SourceTitle "Live v. Kasper Jerwiarz"]
[WhiteTeam "Obro"]
[BlackTeam "BMS"]
[WhiteTeamCountry "DEN"]
[BlackTeamCountry "DEN"]

1. d4 Nf6 2. g3 d5 3. Nf3 g6 4. Bg2 Bg7 5. O-O O-O 6. Nbd2 Nc6 7. c4 dxc4 8. Nxc4 Be6 9. Nce5 Bd5 10. Nxc6 Bxc6 11. b3 a5 12. Bb2 a4 13. Qc1 Bd5 14. b4 Ra6 15. e3 Qa8 16. Ba3 Rc6 17. Qb2 b5 18. Ne1 Bxg2 19. Nxg2 Nd7 20. Qe2 Rc4 21. Rac1 Nb6 22. Nf4 h5 23. h4 e5 24. dxe5 Bxe5 25. Nd3 Bf6 26. Bb2 Bxb2 27. Qxb2 Qe4 28. Rxc4 Nxc4 29. Qc3 Rd8 30. Nc5 Qf3 31. a3 Qd5 32. e4 Qd4 33. Qxd4 Rxd4 34. Ra1 Nd2 35. Rc1 Rc4 36. Re1 Nf3+ 37. Kf1 Nxe1 38. Kxe1 Rc3 39. Na6 Rxa3 40. Nxc7 Rb3 41. Nxb5 a3 0-1

[Event "Skakligaen 2024-25"]
[Site "Denmark"]
[Date "2025.03.29"]
[Round "8.2"]
[White "Fries Nielsen, Jens Ove"]
[Black "Vasli, Aref"]
[Result "0-1"]
[WhiteElo "2306"]
[BlackElo "2392"]
[EventDate "2024.11.02"]
[EventType "team-tourn"]
[EventRounds "9"]
[EventCountry "DEN"]
[SourceTitle "Live v. Kasper Jerwiarz"]
[WhiteTeam "Fredericia"]
[BlackTeam "Bronshoj"]
[WhiteTeamCountry "DEN"]
[BlackTeamCountry "DEN"]

1. c4 e5 2. g3 Nc6 3. Bg2 Bc5 4. e3 d6 5. Ne2 h5 6. d4 Bb4+ 7. Bd2 Bxd2+ 8. Qxd2 h4 9. Nbc3 Nf6 10. h3 hxg3 11. fxg3 Bf5 12. O-O-O Nb4 13. e4 Bg6 14. d5 Na6 15. Qe3 Nc5 16. g4 a5 17. Ng3 a4 18. Nb5 Nfd7 19. h4 Nb6 20. Bf1 Qe7 21. h5 Bh7 22. g5 O-O-O 23. Be2 Kb8 24. Rdf1 c6 25. dxc6 bxc6 26. Nc3 f6 27. g6 Bg8 28. Nf5 Qc7 29. Nxd6 Qxd6 30. Rd1 Qd4 31. Rxd4 exd4 32. Qg3+ Kb7 33. Nd5 cxd5 34. exd5 Re8 35. Qa3 Rxe2 36. Qxc5 Bxd5 37. h6 Bxh1 38. hxg7 Rhh2 0-1

[Event "Skakligaen 2024-25"]
[Site "Denmark"]
[Date "2025.03.29"]
[Round "8.3"]
[White "Ahlander, Bjorn"]
[Black "Chatalbashev, Boris"]
[Result "0-1"]
[WhiteElo "2386"]
[BlackElo "2502"]
[EventDate "2024.11.02"]
[EventType "team-tourn"]
[EventRounds "9"]
[EventCountry "DEN"]
[SourceTitle "Live v. Kasper Jerwiarz"]
[WhiteTeam "Bronshoj"]
[BlackTeam "Fredericia"]
[WhiteTeamCountry "DEN"]
[BlackTeamCountry "DEN"]

1. d4 Nf6 2. c4 g6 3. Nc3 d5 4. Bg5 Ne4 5. Bh4 Nxc3 6. bxc3 dxc4 7. e3 Be6 8. Nf3 Nd7 9. d5 Bg4 10. Qd4 Bxf3 11. Qxh8 Bxd5 12. Qd4 Nb6 13. e4 Bc6 14. Qe3 Qd6 15. Be2 Bg7 16. f3 Na4 17. Rc1 O-O-O 18. Bg3 Qa3 19. e5 Nb6 20. O-O Nd5 21. Qf2 b5 22. Qe1 Ne3 23. Rf2 Qc5 24. Bf1 Bh6 25. Rb1 Nc2 26. Rxb5 Bxb5 27. Qe4 Ne3 28. Be2 Bc6 0-1

[Event "Skakligaen 2024-25"]
[Site "Denmark"]
[Date "2025.03.29"]
[Round "8.4"]
[White "Thorsen, Adrian Stenstrop"]
[Black "Falkesgaard, Jeppe Hald"]
[Result "0-1"]
[WhiteElo "2204"]
[BlackElo "2287"]
[EventDate "2024.11.02"]
[EventType "team-tourn"]
[EventRounds "9"]
[EventCountry "DEN"]
[SourceTitle "Live v. Kasper Jerwiarz"]
[WhiteTeam "Fredericia"]
[BlackTeam "Bronshoj"]
[WhiteTeamCountry "DEN"]
[BlackTeamCountry "DEN"]

1. e4 c5 2. Nf3 Nc6 3. b3 e5 4. Bb2 d6 5. Bc4 Be7 6. O-O Nf6 7. d3 O-O 8. Ne1 Rb8 9. Nc3 Nd4 10. a4 Bg4 11. f3 Be6 12. Ne2 d5 13. exd5 Nxd5 14. Bc1 Nxe2+ 15. Qxe2 Nc3 16. Qf2 Nd1 17. Qd2 Qd4+ 18. Kh1 Qxa1 19. Qxd1 Bg5 0-1

[Event "Skakligaen 2024-25"]
[Site "Denmark"]
[Date "2025.03.29"]
[Round "8.5"]
[White "Bromann, Thorbjorn"]
[Black "Light, Bjarne"]
[Result "1-0"]
[WhiteElo "2354"]
[BlackElo "2208"]
[EventDate "2024.11.02"]
[EventType "team-tourn"]
[EventRounds "9"]
[EventCountry "DEN"]
[SourceTitle "Live v. Kasper Jerwiarz"]
[WhiteTeam "Bronshoj"]
[BlackTeam "Fredericia"]
[WhiteTeamCountry "DEN"]
[BlackTeamCountry "DEN"]

1. d4 Nf6 2. Bg5 d5 3. e3 Nbd7 4. Nf3 h6 5. Bh4 c5 6. c3 Qb6 7. Qb3 c4 8. Qc2 g6 9. Nbd2 Bg7 10. Be2 O-O 11. b3 cxb3 12. axb3 Re8 13. O-O e5 14. Rfb1 exd4 15. Nxd4 Nc5 16. c4 Ne6 17. Nxe6 Bxe6 18. c5 Qd8 19. Ra4 Qe7 20. b4 Rec8 21. Qd1 Bd7 22. Ra3 b6 23. Ba6 Re8 24. Bb7 Rab8 25. c6 Bf5 26. Rbb3 Rxb7 27. cxb7 Qxb7 28. Nf3 Ne4 29. Nd4 Bd7 30. Qa1 Ra8 31. Ra2 Bb5 32. Rba3 a6 33. f3 Nd6 34. Bg3 Nf5 35. Qd1 Nxd4 36. exd4 Bf8 37. Qd2 Re8 38. Re3 Rxe3 39. Qxe3 Qc6 40. Ra1 h5 41. Rc1 Bc4 42. Qc3 Qa4 43. Be1 Qd7 44. Bd2 Bd6 45. Re1 Kh7 46. Qe3 Bb5 47. Qg5 Kg8 48. Kh1 Bf8 49. Qf6 Qc7 50. Rc1 Bc4 51. Bf4 Qe7 52. Qxb6 Qxb4 53. Qd8 Qe7 54. Qa8 Kh7 55. Bg3 Qg5 56. f4 Qe7 57. Re1 Qb4 58. Qe8 Kg8 59. f5 g5 60. Qe3 Bh6 61. h4 Bf8 62. Qxg5+ Kh7 63. Qxh5+ Kg8 64. Re8 Bb5 65. Qg5+ Kh7 66. Qh5+ Kg8 67. Rb8 a5 68. Be5 Qe1+ 69. Kh2 1-0

[Event "Skakligaen 2024-25"]
[Site "Denmark"]
[Date "2025.03.29"]
[Round "8.6"]
[White "Schwarz, Frank"]
[Black "Hoi, Carsten"]
[Result "1/2-1/2"]
[WhiteElo "2231"]
[BlackElo "2291"]
[EventDate "2024.11.02"]
[EventType "team-tourn"]
[EventRounds "9"]
[EventCountry "DEN"]
[SourceTitle "Live v. Kasper Jerwiarz"]
[WhiteTeam "Fredericia"]
[BlackTeam "Bronshoj"]
[WhiteTeamCountry "DEN"]
[BlackTeamCountry "DEN"]

1. e4 e5 2. Nf3 Nc6 3. d4 exd4 4. Nxd4 g6 5. Nc3 Bg7 6. Nde2 Nf6 7. g3 d6 8. Bg2 Bd7 9. h3 Qc8 10. Be3 Ne5 11. f4 Nc4 12. Bc1 O-O 13. b3 Nb6 14. Bb2 Re8 15. Qd3 Nxe4 16. Bxe4 Rxe4 17. Nxe4 Bxb2 18. Rd1 Bg7 19. g4 Bc6 20. O-O Qe8 21. N4c3 Qe7 1/2-1/2